[Event "Titled Tue 24th Jun Early"]
[Site "chess.com INT"]
[Date "2025.06.24"]
[Round "4"]
[White "Ndirangu, Nyaruai, Joyce"]
[Black "Bagdasarov, Vitalij A."]
[Result "0-1"]
[WhiteTitle "WCM"]
[BlackTitle "FM"]
[WhiteElo "1909"]
[BlackElo "2136"]
[WhiteFideId "10802886"]
[BlackFideId "4129814"]
[EventDate "2025.06.24"]

1. e4 c5 2. f4 d5 3. exd5 Qxd5 4. Nc3 Qd8 5. Nf3 Nf6 6. Bb5+ Bd7 7. O-O e6 8. d3
Nc6 9. Re1 Be7 10. Be3 O-O 11. Ne5 Rc8 12. Nxc6 Bxc6 13. Bxc6 Rxc6 14. Ne4 Nxe4
15. dxe4 Rd6 16. Qh5 g6 17. Qh6 Rd7 18. f5 exf5 19. exf5 Rd5 20. fxg6 fxg6 21.
Rf1 Rh5 22. Qxh5 gxh5 23. Rxf8+ Bxf8 24. c3 Qd3 25. Bf2 Qc2 0-1

[Event "Titled Tue 24th Jun Early"]
[Site "chess.com INT"]
[Date "2025.06.24"]
[Round "4"]
[White "Swara Lakshmi S Nair"]
[Black "Gong, Qianyun"]
[Result "0-1"]
[WhiteTitle "WCM"]
[BlackTitle "WGM"]
[WhiteElo "2187"]
[BlackElo "2228"]
[WhiteFideId "25629239"]
[BlackFideId "8602425"]
[EventDate "2025.06.24"]

1. e4 e5 2. Nf3 Nc6 3. Bb5 a6 4. Ba4 Nf6 5. O-O Be7 6. Re1 b5 7. Bb3 d6 8. c3
O-O 9. h3 Nb8 10. d4 Nbd7 11. Nbd2 Bb7 12. Bc2 Re8 13. Nf1 Bf8 14. g4 exd4 15.
Qxd4 c5 16. Qd1 Nxe4 17. Bf4 Qf6 18. Bh2 Nxc3 19. bxc3 Bxf3 20. Qd3 g6 21. Ng3
c4 22. Qd2 Nc5 23. Re3 Rxe3 24. Qxe3 Bc6 25. Ne4 Nxe4 26. Bxe4 Re8 27. f3 d5 0-1

[Event "Titled Tue 24th Jun Early"]
[Site "chess.com INT"]
[Date "2025.06.24"]
[Round "4"]
[White "Fomevor, Cephas Clinton"]
[Black "Suarez, Sebastian"]
[Result "0-1"]
[WhiteTitle "CM"]
[WhiteElo "1883"]
[BlackElo "2161"]
[WhiteFideId "12601330"]
[BlackFideId "30979080"]
[EventDate "2025.06.24"]

1. d4 d5 2. c4 e6 3. Nc3 Nf6 4. cxd5 exd5 5. Bg5 Be7 6. Qc2 g6 7. e3 Bf5 8. Qb3
c6 9. Qxb7 Nbd7 10. Qxc6 O-O 11. Ba6 Rb8 12. Nge2 Rxb2 13. O-O Rb6 14. Qa4 Nb8 0-1

[Event "Titled Tue 24th Jun Early"]
[Site "chess.com INT"]
[Date "2025.06.24"]
[Round "4"]
[White "Janukshan, B"]
[Black "Liu, Jason"]
[Result "1-0"]
[WhiteTitle "CM"]
[BlackTitle "CM"]
[WhiteElo "1937"]
[BlackElo "2125"]
[WhiteFideId "29945399"]
[BlackFideId "2514656"]
[EventDate "2025.06.24"]

1. Nf3 Nf6 2. c4 e6 3. Nc3 b6 4. e3 Bb7 5. Be2 Be7 6. O-O O-O 7. b3 d6 8. Bb2
Nbd7 9. d4 c5 10. Qd3 cxd4 11. exd4 e5 12. dxe5 Nxe5 13. Qd1 Nxf3+ 14. Bxf3 Bxf3
15. Qxf3 Qd7 16. Rad1 Qg4 17. Nd5 Qxf3 18. Nxe7+ Kh8 19. gxf3 Rfe8 20. Nf5 Re2
21. Bxf6 gxf6 22. Rxd6 Rxa2 23. Rfd1 h5 24. Rd8+ Rxd8 25. Rxd8+ Kh7 26. Rd7 Kg6
27. Ne7+ Kg7 28. Nd5 Ra1+ 29. Kg2 Rb1 30. b4 a5 31. b5 a4 32. Ra7 Ra1 33. Nxb6
a3 34. Nd5 f5 35. b6 a2 36. b7 Rb1 37. Rxa2 Rxb7 38. c5 Rb8 39. c6 Rc8 40. c7 f6
41. Rb2 Kf7 42. Rb8 Rxc7 43. Nxc7 h4 44. Kh3 f4 45. Kxh4 f5 46. Kg5 Kg7 47. Nd5
Kf7 48. Rb6 Kg7 49. Rf6 Kh7 50. Rf7+ Kg8 51. Kg6 Kh8 52. Rf8# 1-0

[Event "Titled Tue 24th Jun Early"]
[Site "chess.com INT"]
[Date "2025.06.24"]
[Round "4"]
[White "Sailer, Mike"]
[Black "Predein, Vladimir"]
[Result "0-1"]
[BlackTitle "IM"]
[WhiteElo "2108"]
[BlackElo "2373"]
[WhiteFideId "2012901"]
[BlackFideId "4117786"]
[EventDate "2025.06.24"]

1. d4 Nf6 2. Nf3 e6 3. e3 c5 4. Bd3 b6 5. b3 Bb7 6. Bb2 Be7 7. Nbd2 O-O 8. O-O
d5 9. Ne5 Nbd7 10. f4 Ne4 11. Rf3 Nxe5 12. fxe5 f6 13. Bxe4 dxe4 14. Rh3 fxe5
15. dxc5 Bxc5 16. Nc4 Qg5 17. Bxe5 Rad8 18. Qe1 Rf7 19. Rg3 Qf5 20. Kh1 b5 21.
Na5 Qxe5 22. Nxb7 Rxb7 23. Qa5 Qxa1+ 0-1

[Event "Titled Tue 24th Jun Early"]
[Site "chess.com INT"]
[Date "2025.06.24"]
[Round "4"]
[White "Katishonok, Nikolaj"]
[Black "Bozorov, Javohir"]
[Result "0-1"]
[WhiteTitle "FM"]
[BlackTitle "FM"]
[WhiteElo "2004"]
[BlackElo "2039"]
[WhiteFideId "11600225"]
[BlackFideId "14216957"]
[EventDate "2025.06.24"]

1. Nf3 d5 2. d4 Nf6 3. c4 dxc4 4. e3 e6 5. Bxc4 c5 6. O-O a6 7. dxc5 Bxc5 8.
Qxd8+ Kxd8 9. Ne5 Ke7 10. Nd3 Bd6 11. b4 b5 12. Bb3 Bb7 13. a4 Nc6 14. Nc5 Bxc5
15. bxc5 b4 16. a5 Nd7 17. Bb2 Nxc5 18. Nd2 Rhd8 19. Bd4 Nxd4 20. exd4 Rxd4 21.
Rfc1 Rc8 22. Nf3 Nxb3 23. Rxc8 Bxc8 24. Rb1 Rc4 0-1

[Event "Titled Tue 24th Jun Early"]
[Site "chess.com INT"]
[Date "2025.06.24"]
[Round "4"]
[White "Vaganian, Rafael A"]
[Black "Molina, Roberto Junio Brito"]
[Result "1/2-1/2"]
[WhiteTitle "GM"]
[BlackTitle "IM"]
[WhiteElo "2449"]
[BlackElo "2381"]
[WhiteFideId "13300016"]
[BlackFideId "2109450"]
[EventDate "2025.06.24"]

1. d4 d5 2. c4 c6 3. Nf3 Nf6 4. Nc3 dxc4 5. a4 Bf5 6. e3 e6 7. Bxc4 Bb4 8. O-O
Nbd7 9. Qe2 O-O 10. e4 Bg6 11. Bd3 a5 12. e5 Nd5 13. Nxd5 cxd5 14. Bxg6 fxg6 15.
Bd2 Qb6 16. Bxb4 Qxb4 17. Rfc1 Rac8 18. Qb5 Qxb5 19. axb5 h6 20. Kf1 b6 21. Ke2
Kf7 22. Ne1 Ke7 23. Nd3 Rc4 24. Ke3 Rfc8 25. b3 Rc2 26. Rxc2 Rxc2 27. Rc1 Rxc1
28. Nxc1 g5 29. f4 gxf4+ 30. Kxf4 Kf7 31. Ne2 g5+ 32. Ke3 Kg6 33. g4 h5 34. h3
h4 35. Nc3 Kf7 36. Na4 Kg7 37. Kf3 Kf7 38. Ke3 Kg7 39. Kf3 Kf7 40. Ke3 1/2-1/2

[Event "Titled Tue 24th Jun Early"]
[Site "chess.com INT"]
[Date "2025.06.24"]
[Round "4"]
[White "Weerasekara, Dishal Nimsara"]
[Black "Willim, Michael"]
[Result "1-0"]
[WhiteTitle "FM"]
[BlackTitle "CM"]
[WhiteElo "2125"]
[BlackElo "2024"]
[WhiteFideId "9997431"]
[BlackFideId "4632435"]
[EventDate "2025.06.24"]

1. c4 e6 2. Nf3 d5 3. g3 Nf6 4. Bg2 Be7 5. O-O O-O 6. b3 d4 7. e3 c5 8. exd4
cxd4 9. d3 Nc6 10. Re1 Nd7 11. Bb2 e5 12. a3 a5 13. Nbd2 f6 14. Nh4 Nc5 15. Ne4
Re8 16. Nxc5 Bxc5 17. Qh5 Be6 18. Be4 g6 19. Bxg6 hxg6 20. Qxg6+ Kf8 21. Qh7 Ne7
22. Bc1 1-0

[Event "Titled Tue 24th Jun Early"]
[Site "chess.com INT"]
[Date "2025.06.24"]
[Round "4"]
[White "Rushbrooke, Remy"]
[Black "Zeliantsova, Kseniya"]
[Result "0-1"]
[BlackTitle "WFM"]
[WhiteElo "2090"]
[BlackElo "2062"]
[WhiteFideId "443590"]
[BlackFideId "13512617"]
[EventDate "2025.06.24"]

1. Nf3 Nf6 2. g3 g6 3. Bg2 Bg7 4. d4 O-O 5. c4 d6 6. Nc3 Nbd7 7. O-O e5 8. dxe5
dxe5 9. h3 Re8 10. Be3 c6 11. Qc2 Qc7 12. Rfd1 Nf8 13. Nd2 Ne6 14. Nde4 Nxe4 15.
Nxe4 Nd4 16. Bxd4 exd4 17. c5 Bf5 18. g4 Bxe4 19. Bxe4 Qf4 20. Bg2 Re7 21. Rd3
Rae8 22. Bf3 Be5 23. Bg2 Bc7 24. e3 dxe3 25. fxe3 Rxe3 26. Rd7 Re1+ 0-1

[Event "Titled Tue 24th Jun Early"]
[Site "chess.com INT"]
[Date "2025.06.24"]
[Round "4"]
[White "Ermachenko, Manuel"]
[Black "Demchenko, Yaroslav"]
[Result "1-0"]
[WhiteTitle "CM"]
[BlackTitle "CM"]
[WhiteElo "2277"]
[BlackElo "2263"]
[WhiteFideId "24560952"]
[BlackFideId "14186667"]
[EventDate "2025.06.24"]

1. e4 e6 2. d4 d5 3. Nc3 dxe4 4. Nxe4 Nd7 5. Bd3 Ngf6 6. Nf3 Nxe4 7. Bxe4 Nf6 8.
Bd3 Be7 9. Qe2 O-O 10. Bg5 Qd5 11. c4 Qa5+ 12. Bd2 Qh5 13. h3 c5 14. O-O-O cxd4
15. Bg5 Nd5 16. h4 Nf6 17. Qd2 Qg4 18. Ne5 Qh5 19. g4 Nxg4 20. Nxg4 Qxg4 21.
Bxe7 Re8 22. Rdg1 Qf3 23. Rxg7+ Kh8 24. Rxh7+ 1-0

[Event "Titled Tue 24th Jun Early"]
[Site "chess.com INT"]
[Date "2025.06.24"]
[Round "4"]
[White "Torres Rebolledo, Alvaro"]
[Black "De Silva, L M S T"]
[Result "0-1"]
[WhiteTitle "FM"]
[BlackTitle "IM"]
[WhiteElo "2318"]
[BlackElo "2390"]
[WhiteFideId "54587670"]
[BlackFideId "9953698"]
[EventDate "2025.06.24"]

1. d4 Nf6 2. Nf3 e6 3. e3 c5 4. Bd3 b6 5. c4 Bb7 6. O-O Be7 7. Nc3 cxd4 8. exd4
d5 9. cxd5 Nxd5 10. Ne5 O-O 11. Qh5 f5 12. Bd2 Nd7 13. Rae1 Nxe5 14. Rxe5 Bf6
15. Rxe6 Nxc3 16. Rxf6 Rxf6 17. bxc3 Qd5 18. f3 g6 19. Qh4 Re6 20. c4 Qd8 21. d5
Qxh4 0-1

[Event "Titled Tue 24th Jun Early"]
[Site "chess.com INT"]
[Date "2025.06.24"]
[Round "4"]
[White "Matinian, Nikita"]
[Black "Chylewski, Patryk"]
[Result "1-0"]
[WhiteTitle "GM"]
[BlackTitle "IM"]
[WhiteElo "2421"]
[BlackElo "2313"]
[WhiteFideId "24129100"]
[BlackFideId "1186191"]
[EventDate "2025.06.24"]

1. e4 e5 2. Nf3 Nc6 3. Bb5 Nf6 4. d3 Bc5 5. Bxc6 dxc6 6. Nbd2 Nd7 7. O-O f6 8.
Nc4 Nf8 9. c3 Ne6 10. b4 Be7 11. d4 exd4 12. cxd4 Bxb4 13. Qb3 Qe7 14. d5 Nd8
15. Bb2 O-O 16. d6 Bxd6 17. Nxd6+ Be6 18. Nf5 Qf7 19. Qc3 b6 20. Ng5 Qg6 21.
Ne7+ 1-0

[Event "Titled Tue 24th Jun Early"]
[Site "chess.com INT"]
[Date "2025.06.24"]
[Round "4"]
[White "Bacus, Dharim"]
[Black "Wan, Yunguo"]
[Result "0-1"]
[WhiteTitle "FM"]
[BlackTitle "GM"]
[WhiteElo "2131"]
[BlackElo "2501"]
[WhiteFideId "5201527"]
[BlackFideId "8603189"]
[EventDate "2025.06.24"]

1. e4 c5 2. Nf3 e6 3. d4 cxd4 4. Nxd4 Nf6 5. Nc3 Nc6 6. Nxc6 bxc6 7. e5 Nd5 8.
Ne4 Bb7 9. c4 Nb4 10. Nd6+ Bxd6 11. exd6 c5 12. a3 Nc6 13. Be3 Qf6 14. Qd2 Nd4
15. Rd1 e5 16. b4 Qg6 17. f3 Bxf3 18. Bxd4 Bxd1 19. Bxc5 Bc2 20. Be2 Be4 21. Bf3
Bxf3 22. gxf3 O-O 23. Rg1 Qe6 24. Qe2 a5 25. bxa5 Rfc8 26. Bb4 Rxc4 27. Rg4 Rc1+ 0-1

[Event "Titled Tue 24th Jun Early"]
[Site "chess.com INT"]
[Date "2025.06.24"]
[Round "4"]
[White "Baskakov, Egor"]
[Black "Teterev, Vitaly"]
[Result "1/2-1/2"]
[WhiteTitle "CM"]
[BlackTitle "GM"]
[WhiteElo "2215"]
[BlackElo "2248"]
[WhiteFideId "24197866"]
[BlackFideId "13501429"]
[EventDate "2025.06.24"]

1. c4 g6 2. g3 Bg7 3. Bg2 c5 4. Nf3 Nc6 5. O-O e6 6. Nc3 Nge7 7. e3 d5 8. cxd5
exd5 9. d4 cxd4 10. Nxd4 Nxd4 11. exd4 O-O 12. Bg5 Be6 13. Bxe7 Qxe7 14. Bxd5
Bxd5 15. Nxd5 Qd6 16. Qf3 Rad8 17. Nc3 Qxd4 18. Qxb7 Rb8 19. Qf3 Rxb2 20. Nd5
Rd2 21. Rad1 Re8 22. Rxd2 Qxd2 23. a3 h5 24. Nf6+ Bxf6 25. Qxf6 Qa5 26. Qf3 Re5
27. Rd1 Re1+ 28. Rxe1 Qxe1+ 29. Kg2 Qa5 30. h4 Kg7 31. Kf1 Qb5+ 32. Kg2 Qc5 33.
Kf1 Qb5+ 34. Kg2 Qc5 1/2-1/2

[Event "Titled Tue 24th Jun Early"]
[Site "chess.com INT"]
[Date "2025.06.24"]
[Round "4"]
[White "Brenke, Andreas"]
[Black "Mammadzada, Gunay"]
[Result "1-0"]
[WhiteTitle "FM"]
[BlackTitle "IM"]
[WhiteElo "2349"]
[BlackElo "2390"]
[WhiteFideId "4602900"]
[BlackFideId "13403729"]
[EventDate "2025.06.24"]

1. d4 Nf6 2. c4 e6 3. Nc3 Bb4 4. Qc2 d5 5. cxd5 exd5 6. Bg5 O-O 7. e3 c6 8. Bd3
h6 9. Bh4 Re8 10. Ne2 Nbd7 11. O-O Nf8 12. h3 Be7 13. f3 Be6 14. Rae1 Rc8 15. e4
c5 16. e5 N6d7 17. Bxe7 Qxe7 18. Qd2 cxd4 19. Nxd4 Qc5 20. Kh1 Kh8 21. Ndb5 Red8
22. Nd6 Rb8 23. f4 Nb6 24. f5 Nc4 25. Bxc4 1-0

[Event "Titled Tue 24th Jun Early"]
[Site "chess.com INT"]
[Date "2025.06.24"]
[Round "4"]
[White "Devaev, Alexander"]
[Black "Hernandez Jimenez, Alexander Andres"]
[Result "0-1"]
[WhiteTitle "FM"]
[BlackTitle "FM"]
[WhiteElo "2306"]
[BlackElo "2069"]
[WhiteFideId "4169395"]
[BlackFideId "3900452"]
[EventDate "2025.06.24"]

1. d4 d5 2. c4 c6 3. Nf3 Nf6 4. e3 g6 5. Bd3 Bg7 6. O-O O-O 7. h3 a6 8. Nbd2 b5
9. b3 Be6 10. Qc2 h6 11. Bb2 Nbd7 12. Rac1 Rc8 13. Rfd1 Qb6 14. cxd5 Nxd5 15. a3
c5 16. dxc5 Rxc5 17. Qb1 Rfc8 18. Bxg7 Kxg7 19. Qb2+ Kg8 20. Nd4 Ne5 21. Bb1 Nc3
22. Re1 Nxb1 23. Qxb1 Bd5 24. Rxc5 Qxc5 25. Ne4 Qc7 26. Rc1 Qxc1+ 0-1

[Event "Titled Tue 24th Jun Early"]
[Site "chess.com INT"]
[Date "2025.06.24"]
[Round "4"]
[White "Tristan, Leonardo"]
[Black "Kawka, Milena"]
[Result "1-0"]
[WhiteTitle "GM"]
[BlackTitle "WCM"]
[WhiteElo "2536"]
[BlackElo "2003"]
[WhiteFideId "113816"]
[BlackFideId "21095167"]
[EventDate "2025.06.24"]

1. d4 Nf6 2. Nf3 e6 3. Bf4 c5 4. e3 Nc6 5. c3 h6 6. h3 d5 7. Nbd2 Bd6 8. Bxd6
Qxd6 9. Bd3 O-O 10. O-O e5 11. dxc5 Qxc5 12. e4 dxe4 13. Nxe4 Nxe4 14. Bxe4 Be6
15. Re1 Rad8 16. Qc2 f6 17. Nh4 Bf7 18. Rad1 b6 19. Bh7+ Kh8 20. Bg6 Qe7 21.
Bxf7 Qxf7 22. Ng6+ Kg8 23. Nxf8 Qxf8 24. Rxd8 Qxd8 25. Rd1 Qe7 26. Qe4 Nd8 27.
Qa8 1-0

[Event "Titled Tue 24th Jun Early"]
[Site "chess.com INT"]
[Date "2025.06.24"]
[Round "4"]
[White "Chernov, Alexander A."]
[Black "Murthy, Pappu"]
[Result "1-0"]
[WhiteTitle "FM"]
[WhiteElo "2314"]
[BlackElo "1838"]
[WhiteFideId "4152492"]
[BlackFideId "2013401"]
[EventDate "2025.06.24"]

1. d4 Nf6 2. Nc3 d5 3. Bg5 Nbd7 4. e3 h6 5. Bh4 e6 6. f4 c5 7. Nf3 Qb6 8. a3
cxd4 9. exd4 Bd6 10. Ne5 O-O 11. Be2 a6 12. Bd3 Kh8 13. Bf2 Qc7 14. O-O b5 15.
Qf3 Bb7 16. Rae1 Rac8 17. Bg3 Nb6 18. f5 exf5 19. Qxf5 Rce8 20. Bh4 Bc8 21. Qf3
Bxe5 22. dxe5 Qc5+ 23. Bf2 d4 24. exf6 Rxe1 25. fxg7+ Kxg7 26. Rxe1 Qd6 27. Ne4
Qc7 28. Bxd4+ 1-0

[Event "Titled Tue 24th Jun Early"]
[Site "chess.com INT"]
[Date "2025.06.24"]
[Round "4"]
[White "Svane, Rasmus"]
[Black "Sharapov, Yevhen"]
[Result "1-0"]
[WhiteTitle "GM"]
[BlackTitle "GM"]
[WhiteElo "2626"]
[BlackElo "2375"]
[WhiteFideId "4657101"]
[BlackFideId "14103133"]
[EventDate "2025.06.24"]

1. e3 c5 2. d4 cxd4 3. exd4 d5 4. c3 Nf6 5. Nf3 Nc6 6. Ne5 e6 7. Bd3 Bd6 8. f4
O-O 9. O-O Qc7 10. Nd2 b6 11. Rf3 a5 12. Rh3 g6 13. Qe1 Ba6 14. Bxa6 Rxa6 15.
Qh4 Be7 16. Ndf3 b5 17. g4 b4 18. Ng5 h5 19. gxh5 Nxh5 20. Qg4 Bxg5 21. Qxg5
Nxe5 22. fxe5 bxc3 23. bxc3 Rc6 24. Rxh5 Rxc3 25. Rh4 1-0

[Event "Titled Tue 24th Jun Early"]
[Site "chess.com INT"]
[Date "2025.06.24"]
[Round "4"]
[White "Avalos Parra, Joao"]
[Black "Romany, Joy"]
[Result "1-0"]
[WhiteTitle "FM"]
[BlackTitle "WIM"]
[WhiteElo "2150"]
[BlackElo "1960"]
[WhiteFideId "3402541"]
[BlackFideId "10656820"]
[EventDate "2025.06.24"]

1. d4 Nf6 2. c4 e6 3. Nc3 b6 4. e4 Bb4 5. f3 d5 6. e5 Nfd7 7. cxd5 exd5 8. f4
O-O 9. Nf3 Bb7 10. Bd3 c5 11. Bxh7+ Kxh7 12. Ng5+ Kg6 13. Qg4 f5 14. Qg3 Qe8 15.
O-O Rh8 16. Nb5 Nxe5 17. Nd6 Qe7 18. fxe5 cxd4 19. Ngf7+ Kh7 20. Qh3+ Kg6 21.
Qxf5# 1-0

[Event "Titled Tue 24th Jun Early"]
[Site "chess.com INT"]
[Date "2025.06.24"]
[Round "4"]
[White "Kozak, Adam"]
[Black "Haraguchi, Diego Sashaki"]
[Result "1-0"]
[WhiteTitle "GM"]
[WhiteElo "2587"]
[BlackElo "2179"]
[WhiteFideId "753246"]
[BlackFideId "22729925"]
[EventDate "2025.06.24"]

1. a3 e5 2. e4 Nf6 3. Nc3 Bc5 4. Bc4 O-O 5. d3 c6 6. Bg5 h6 7. Bh4 Be7 8. Nf3 d5
9. exd5 cxd5 10. Bxf6 dxc4 11. Bxe7 Qxe7 12. dxc4 Be6 13. Nd5 Qc5 14. Qd3 Bxd5
15. Qxd5 Qb6 16. O-O-O Nc6 17. c5 Qc7 18. Qd6 Qxd6 19. cxd6 Rfd8 20. b4 a6 21.
c4 Rd7 22. Kb2 f6 23. Rd5 Kf7 24. Rhd1 Ke6 25. c5 g5 26. h3 h5 27. Ng1 Rg8 28.
Ne2 h4 29. f3 Rc8 30. Nc3 Rg8 31. Na4 Rgd8 32. Nb6 Rg7 33. d7 Kf5 34. Rd6 Rf7
35. Kc3 Kf4 36. R1d2 Kg3 37. a4 f5 38. b5 axb5 39. axb5 Nd4 40. R6xd4 exd4+ 41.
Kxd4 Rdxd7+ 42. Nxd7 Rxd7+ 43. Kc3 Rc7 44. Kc4 Rf7 45. c6 bxc6 46. bxc6 Ra7 47.
Kb5 Ra3 48. Rc2 Rb3+ 49. Kc5 Rb8 50. c7 1-0

[Event "Titled Tue 24th Jun Early"]
[Site "chess.com INT"]
[Date "2025.06.24"]
[Round "4"]
[White "Lohia, Sohum"]
[Black "Bodemar, Jonathan"]
[Result "1-0"]
[WhiteTitle "FM"]
[BlackTitle "CM"]
[WhiteElo "2364"]
[BlackElo "2150"]
[WhiteFideId "5819369"]
[BlackFideId "6205488"]
[EventDate "2025.06.24"]

1. e4 e6 2. d4 d5 3. Nc3 Nf6 4. Bg5 dxe4 5. Nxe4 Be7 6. Bxf6 gxf6 7. Qd3 f5 8.
Nc3 a6 9. g3 c5 10. d5 e5 11. O-O-O Bd6 12. Bh3 Qf6 13. Kb1 b5 14. Nce2 c4 15.
Qe3 Nd7 16. Nf3 h6 17. Ned4 Bc5 18. Qe2 Kf8 19. Nxf5 Nb6 20. Qxe5 Qxe5 21. Nxe5
Bb7 22. Rhe1 Rd8 23. f4 Rxd5 24. Rxd5 Bxd5 25. Rd1 Be6 26. Rd8# 1-0

[Event "Titled Tue 24th Jun Early"]
[Site "chess.com INT"]
[Date "2025.06.24"]
[Round "4"]
[White "Negrean, Andrei"]
[Black "Andrade, Ivan"]
[Result "0-1"]
[WhiteTitle "FM"]
[BlackTitle "FM"]
[WhiteElo "2352"]
[BlackElo "2144"]
[WhiteFideId "1291513"]
[BlackFideId "14800039"]
[EventDate "2025.06.24"]

1. e4 c5 2. Na3 Nc6 3. Bb5 Nd4 4. Nf3 Nxb5 5. Nxb5 a6 6. Nc3 e6 7. d4 cxd4 8.
Qxd4 Qc7 9. Bg5 Ne7 10. O-O-O Nc6 11. Qd2 Bb4 12. a3 Ba5 13. Bf4 e5 14. Be3 O-O
15. Kb1 b5 16. b4 Bxb4 17. axb4 Nxb4 18. Nd5 Nxd5 19. Qxd5 Bb7 20. Qxe5 Qa5 21.
Qd4 Rfe8 22. e5 Rac8 23. Rd3 Rc4 24. Qb2 Be4 25. Rhd1 Rec8 26. Rxd7 Bxc2+ 27.
Kc1 Bf5+ 0-1

[Event "Titled Tue 24th Jun Early"]
[Site "chess.com INT"]
[Date "2025.06.24"]
[Round "4"]
[White "Zmijanac, Dusko"]
[Black "Hansen, Eric"]
[Result "0-1"]
[WhiteTitle "FM"]
[BlackTitle "GM"]
[WhiteElo "2007"]
[BlackElo "2609"]
[WhiteFideId "908762"]
[BlackFideId "2606771"]
[EventDate "2025.06.24"]

1. d4 Nf6 2. Bg5 d5 3. e3 e6 4. Nf3 h6 5. Bh4 c5 6. Nc3 a6 7. Be2 Nc6 8. O-O Be7
9. dxc5 Bxc5 10. Nd4 O-O 11. Nb3 Bb4 12. Nb1 Ne5 13. c3 Bd6 14. N1d2 Ng6 15. Bg3
Bxg3 16. hxg3 e5 17. Bd3 Qd6 18. Bxg6 fxg6 19. e4 dxe4 20. Nc4 Qe6 21. Ne3 b6
22. Qc2 Bb7 23. Rad1 h5 24. Rd2 Ng4 25. Nxg4 Qxg4 26. Rd6 Rf6 27. Rxf6 gxf6 28.
Rd1 e3 29. Re1 exf2+ 30. Qxf2 Rf8 31. Qxb6 Qxg3 32. Qf2 Qxf2+ 33. Kxf2 Rd8 34.
Nc5 Rd2+ 35. Re2 Rxe2+ 36. Kxe2 Bxg2 37. Nxa6 h4 38. Kf2 Bd5 39. Nb4 Be4 40. a4
g5 41. a5 g4 42. a6 g3+ 43. Kg1 h3 0-1

[Event "Titled Tue 24th Jun Early"]
[Site "chess.com INT"]
[Date "2025.06.24"]
[Round "4"]
[White "Kobalia, Mikhail"]
[Black "Sanhueza, Cristian"]
[Result "1-0"]
[WhiteTitle "GM"]
[BlackTitle "FM"]
[WhiteElo "2538"]
[BlackElo "2213"]
[WhiteFideId "4119150"]
[BlackFideId "116815"]
[EventDate "2025.06.24"]

1. c4 Nf6 2. Nf3 g6 3. b3 Bg7 4. Bb2 O-O 5. g3 d6 6. Bg2 c5 7. d4 Ne4 8. Nbd2
Qa5 9. e3 cxd4 10. Bxd4 Bxd4 11. Nxd4 Bg4 12. Qc2 Nc5 13. O-O Qa6 14. b4 Ne6 15.
a4 Nxd4 16. exd4 Qb6 17. Qe4 Bc8 18. b5 Qc7 19. a5 Re8 20. a6 Nd7 21. axb7 1-0

[Event "Titled Tue 24th Jun Early"]
[Site "chess.com INT"]
[Date "2025.06.24"]
[Round "4"]
[White "Klys, Kacper"]
[Black "Harsh, Suresh"]
[Result "0-1"]
[WhiteTitle "CM"]
[BlackTitle "IM"]
[WhiteElo "2218"]
[BlackElo "2392"]
[WhiteFideId "21005281"]
[BlackFideId "45018464"]
[EventDate "2025.06.24"]

1. e4 b6 2. d4 Bb7 3. Bd3 g6 4. f4 Bg7 5. Nf3 d6 6. Nc3 Nd7 7. Qe2 e6 8. O-O Ne7
9. f5 O-O 10. Bg5 h6 11. fxe6 fxe6 12. Be3 Kh7 13. Nh4 e5 14. d5 Nc5 15. Qg4 Qd7
16. Qg3 Nxd3 17. cxd3 Ba6 18. Bd2 g5 19. Nf3 Ng6 20. Bxg5 hxg5 21. Nxg5+ Kg8 22.
Rxf8+ Rxf8 23. Ne6 Rf6 24. Nd1 Nf4 25. Nxf4 exf4 26. Qf3 Rg6 27. Nf2 Bxb2 28.
Re1 Bd4 29. Kf1 Qh7 30. Nh3 Qh4 31. Rc1 Be3 32. Rc3 Qf6 33. Rxc7 Bxd3+ 34. Ke1
Qa1+ 35. Qd1 Qxd1+ 36. Kxd1 Rxg2 37. Rd7 Rb2 0-1

[Event "Titled Tue 24th Jun Early"]
[Site "chess.com INT"]
[Date "2025.06.24"]
[Round "4"]
[White "Ejsymont, Blanka"]
[Black "Tikhonov, Viacheslav"]
[Result "0-1"]
[WhiteTitle "WCM"]
[BlackTitle "CM"]
[WhiteElo "1984"]
[BlackElo "2183"]
[WhiteFideId "21088268"]
[BlackFideId "44196407"]
[EventDate "2025.06.24"]

1. f4 c6 2. Nf3 d5 3. g3 g6 4. Bg2 Bg7 5. O-O Nd7 6. d3 Ngf6 7. Re1 O-O 8. e4
dxe4 9. dxe4 e5 10. Nc3 Ng4 11. h3 Qb6+ 12. Nd4 Qxd4+ 13. Qxd4 exd4 14. hxg4
dxc3 15. e5 Nc5 16. Be3 cxb2 17. Rab1 Na4 18. Bd4 Bxg4 19. Bxb2 Nxb2 20. Rxb2
Rab8 21. Reb1 b6 22. Bxc6 Rfc8 23. Bg2 Rc3 24. Kf2 Rbc8 25. Be4 Bf5 26. Bxf5
gxf5 27. Rc1 Bf8 0-1

[Event "Titled Tue 24th Jun Early"]
[Site "chess.com INT"]
[Date "2025.06.24"]
[Round "4"]
[White "De Boer, Eelke"]
[Black "Exposito Milan, Adrian"]
[Result "1-0"]
[WhiteTitle "IM"]
[BlackTitle "FM"]
[WhiteElo "2409"]
[BlackElo "2179"]
[WhiteFideId "1048120"]
[BlackFideId "24556645"]
[EventDate "2025.06.24"]

1. e4 c5 2. Nf3 d6 3. d4 cxd4 4. Nxd4 Nf6 5. Nc3 a6 6. Be3 e5 7. Nb3 Be7 8. Be2
Be6 9. O-O O-O 10. Bf3 Nbd7 11. a4 Rc8 12. a5 Qc7 13. Re1 Rfd8 14. Nd2 Nc5 15.
Nd5 Nxd5 16. exd5 Bf5 17. b4 Nd7 18. c4 Bg6 19. Rc1 f5 20. c5 dxc5 21. Nc4 e4
22. d6 Bxd6 23. Nxd6 Ne5 24. Rxc5 Nxf3+ 25. gxf3 Qd7 26. Rxc8 Rxc8 27. Nxc8 Qxc8
28. Bg5 1-0